| 000 | 02358nam0a2200445 i 4500 | ||
|---|---|---|---|
| 001 | RU\NLR\bibl\1990091 | ||
| 005 | 20240921172515.0 | ||
| 010 |
_a9785986891026 _9500 |
||
| 021 |
_aRU _b2012-98651 _97284 |
||
| 035 | _a(nilc)RuMoRGB-006511366 | ||
| 035 | _a(NLR Aleph) 001978641 | ||
| 090 |
_a4058311 _c4058311 |
||
| 100 | _a20130109d2013 u y0rusy50 ca | ||
| 101 | 0 | _arus | |
| 102 | _aRU | ||
| 105 | _ay ||||||||| | ||
| 200 | 1 |
_aПовышение компетентности родителей: проблемы родительства, материнства и отцовства _eпрограмма и учебно-методическое пособие по профессиональной подготовке родителей _fОвчарова Р.В., Репринцева Г.И., Зенкова Т.И., Овечкина С.В. _gФедер. гос. науч. учреждение "Ин-т социал. педагогики" Рос. акад. образования |
|
| 210 |
_aМосква _cСовременное образование _d2013 [т.е. 2012] |
||
| 215 |
_a99 с. _d21 |
||
| 225 | 1 | _a"Профессиональная школа родителей": пилотный социально-педагогический эксперимент | |
| 300 | _aКн. фактически изд. в 2012 г. | ||
| 320 | _aБиблиогр. в конце разд. | ||
| 606 | 1 |
_aРодительство _jУчебно-методические пособия _xПсихологические проблемы _92568467 _3RU\NLR\auth\661518971 |
|
| 610 | 0 | _aотцовство | |
| 610 | 0 | _aматеринство | |
| 686 | _aЮ949.246я7 | ||
| 686 | _aС550.325я7 | ||
| 701 | 1 |
_4070 _7ca _8rus _aОвчарова _bР. В. _f1945- _gРаиса Викторовна _9261420 _3RU\NLR\AUTH\770261476 |
|
| 701 | 1 |
_aРепринцева _bГ. И. _gГалина Ивановна _4070 |
|
| 701 | 1 |
_aЗенкова _bТ. И. _gТатьяна Ивановна _4070 |
|
| 701 | 1 |
_aОвечкина _bС. В. _gСветлана Владимировна _4070 |
|
| 801 | 0 |
_aRU _bRuMoRKP _c20130109 _gRCR |
|
| 801 | 2 |
_aRU _bРГБ _c20130205 _grcr |
|
| 801 | 1 |
_aRU _bRuMoRKP _c20130109 _2rusmarc |
|
| 801 | 2 |
_aRU _bNLR _c20130122 _grcr |
|
| 830 | _aавт. по кн. | ||
| 942 | _cBOOK | ||
| 980 | _aNBR | ||